Statistics for Hypixel Skyblock Bestiary mobs (Updated may 2024))

Click here to take the quiz!

General Stats

  • This quiz has been taken 40 times
    (4 since last reset)
  • The average score is 82 of 214

Answer Stats

Answer% Correct
Beetle
100%
Blaze
100%
Chicken
100%
Cow
100%
Creeper
100%
Cricket
100%
Crypt Ghoul
100%
Dragon
100%
Emerald Slime
100%
Enderman
100%
Endermite
100%
Endstone Protector
100%
Flaming Spider
100%
Ghost
100%
Goblin
100%
Golden Ghoul
100%
Graveyard Zombie
100%
Lapis Zombie
100%
Mosquito
100%
Mushroom Cow
100%
Obsidian Defender
100%
Old Wolf
100%
Pig
100%
Rabbit
100%
Rat
100%
Redstone Pigman
100%
Sheep
100%
Skeleton
100%
Slime
100%
Sneaky Creeper
100%
Spider
100%
Voidling Extremist
100%
Voidling Fanatic
100%
Watcher
100%
Witch
100%
Wolf
100%
Zealot
100%
Zombie
100%
Zombie Villager
100%
Ashfang
67%
Barbarian Duke
67%
Bladesoul
67%
Blue Jerry
67%
Broodmother
67%
Carrot King
67%
Fels
67%
Fly
67%
Golden Goblin
67%
Golden Jerry
67%
Green Jerry
67%
Headless Horseman
67%
King Midas
67%
Locust
67%
Lost Adventurer
67%
Mage Outlaw
67%
Magma Boss
67%
Magma Cube
67%
Matcho
67%
Minos Champion
67%
Minotaur
67%
Moth
67%
Purple Jerry
67%
Rain Slime
67%
Shadow Assassin
67%
Sniper
67%
Spider Jockey
67%
Squid
67%
Star Sentry
67%
Treasure Hoarder
67%
Wither Skeleton
67%
Worm
67%
Angry Archaeologist
33%
Arachne
33%
Arachne's Keeper
33%
Automaton
33%
Bal
33%
Bat
33%
Blue Shark
33%
Butterfly
33%
Crypt Dreadlord
33%
Deep Sea Protector
33%
Diamond Goblin
33%
Dropship
33%
Earthworm
33%
Flaming Worm
33%
Flare
33%
Frozen Steve
33%
Gaia Construct
33%
Ghast
33%
Golem
33%
Gravel Skeleton
33%
Great White Shark
33%
Grim Reaper
33%
Grinch
33%
Grunt
33%
Howling Spirit
33%
Ice Walker
33%
Kuudra Follower
33%
Lava Blaze
33%
Lava Pigman
33%
Lord Jawbus
33%
Magma Cube Rider
33%
Mimic
33%
Miner Skeleton
33%
Miner Zombie
33%
Minos Inquisitor
33%
Mite
33%
Nurse Shark
33%
Phantom Fisher
33%
Powder Ghast
33%
Reindrake
33%
Scarecrow
33%
Scary Jerry
33%
Sea Guardian
33%
Sea Leech
33%
Sea Walker
33%
Sea Witch
33%
Siamese Lynx
33%
Skeletor
33%
Sludge
33%
Splitter Spider
33%
Super Tank Zombie
33%
Tank Zombie
33%
The Sea Emperor
33%
Thunder
33%
Tiger Shark
33%
Trick or Treater
33%
Water Hydra
33%
Weaver Spider
33%
Werewolf
33%
Wraith
33%
Yeti
33%
Zombie Commander
33%
Abyssal Miner
0%
Agarimoo
0%
Arachne's Brood
0%
Blazing Golem
0%
Blight
0%
Catfish
0%
Cellar Spider
0%
Crazy Witch
0%
Crypt Lurker
0%
Crypt Souleater
0%
Dasher Spider
0%
Explosive Imp
0%
Fire Eel
0%
Frosty
0%
Glacite Bowman
0%
Glacite Caver
0%
Glacite Mage
0%
Glacite Mutt
0%
Goblin Raiders
0%
Guardian Defender
0%
Inferno Magma Cube
0%
Kada Knight
0%
Key Guardian
0%
Kuudra Berserker
0%
Kuudra Knocker
0%
Kuudra Landmine
0%
Kuudra Slasher
0%
Lava Flame
0%
Lava Leech
0%
Lonely Spider
0%
Magma Follower
0%
Magma Slug
0%
Millenia-Aged Blaze
0%
Minos Hunter
0%
Moogma
0%
Mushroom Bull
0%
Nightmare
0%
Night Squid
0%
Nutcracker
0%
Oasis Rabbit
0%
Oasis Sheep
0%
Pack Spirit
0%
Phantom Spirit
0%
Plhlegblast
0%
Poisoned Water Worm
0%
Pyroclastic Worm
0%
Rider of the Deep
0%
Scared Skeleton
0%
Sea Archer
0%
Silverfish
0%
Skeleton Grunt
0%
Skeleton Lord
0%
Skeleton Master
0%
Skeleton Soldier
0%
Slug
0%
Smoldering Blaze
0%
Soul of the Alpha
0%
Super Archer
0%
Taurus
0%
Tentacle
0%
Terracotta
0%
Thyst
0%
Undead
0%
Undead Skeleton
0%
Vanquisher
0%
Voracious Spider
0%
Wandering Blaze
0%
Water Worm
0%
Wither Gourd
0%
Wither Guard
0%
Wither Husk
0%
Withermancer
0%
Wither Miner
0%
Wither Sentry
0%
Wither Spectre
0%
Yog
0%
Zombie Grunt
0%
Zombie Knight
0%
Zombie Lord
0%
Zombie Soldier
0%

Score Distribution

Percentile by Number Answered

Percent of People with Each Score

Your Score History

You have not taken this quiz since the last reset